banner-ar

"ثلاث مصنفات للحكيم الترمذى : كتاب سيرة الاولياء ; جواب المسائل التى سأله اهل سرخس عنها ; جواب كتاب من الرى" / (Record no. 43516)

MARC details
000 -الفاتح
حقل البيانات ثابتة الطول 00899nam a2200229Ia 4500
008 - عناصر البيانات ثابتة الطول - معلومات عامة
حقل البيانات ثابتة الطول 140319s9999 xx 000 0 ara d
040 ## - مصدر الفهرسة
وكالة الفهرسة الأصلية GCL /
وكالة النسخ GCL
082 04 - رقم تصنيف ديوى العشرى
رقم التصنيف 212
رقم المادة ت ث
100 1# - المدخل الرئيسى - إسم شخصى
الإسم الشخصى الترمذى , ابى عيسى محمدبن عيسى
245 10 - بيان العنوان
العنوان "ثلاث مصنفات للحكيم الترمذى : كتاب سيرة الاولياء ; جواب المسائل التى سأله اهل سرخس عنها ; جواب كتاب من الرى" /
بيان المسئوليه,etc الترمذى , ابى عيسى محمدبن عيسى
700 1# - المدخل الاضافى - اسم شخصى
الإسم الشخصى راتكه بيرند
300 ## - الوصف المادى
التعداد "295 ; 78"
490 ## - بيان السلسلة
عنوان السلسلة النشرات الاسلامية
رقم المجلد/ التعيين التسلسلي 0
650 04 - المدخل الاضافى بالموضوع-مصطلح موضوعى
مصطلح موضوعي الاسلام
650 04 - المدخل الاضافى بالموضوع-مصطلح موضوعى
مصطلح موضوعي الحديث
650 04 - المدخل الاضافى بالموضوع-مصطلح موضوعى
مصطلح موضوعي الاخلاق الاسلامية
650 04 - المدخل الاضافى بالموضوع-مصطلح موضوعى
مصطلح موضوعي الاداب الاسلامية
650 04 - المدخل الاضافى بالموضوع-مصطلح موضوعى
مصطلح موضوعي الادب الاسلامى
650 04 - المدخل الاضافى بالموضوع-مصطلح موضوعى
مصطلح موضوعي سنن الترمذى
942 ## - عناصر المدخل الإضافي( كوها)
مصدر التصنيف او مخطط الترفيف Dewey Decimal Classification
Koha [default] item type كتاب
Holdings
حالة التراجع حالة الفقد حالة تلف ليس للاعارة المكان المؤقت الموقع الحالى تاريخ الاكتساب اجمالي اﻻعارات رقم الطلب الباركود تاريخ اخر مشاهدة تاريخ تفعيل السعر نوع وعاء كوها
        مكتبة القاهرة الكبرى مكتبة القاهرة الكبرى 03/26/2014   212\ت ث 105375 03/26/2014 03/26/2014 كتاب
        مكتبة القاهرة الكبرى مكتبة القاهرة الكبرى 03/26/2014   212\ت ث 105376 03/26/2014 03/26/2014 كتاب

Powered By

EGPV